000
00400nam a22001097a 4500
082
_a
080/SHA
100
_a
रॉबिन शर्मा
_9
72818
245
_a
द लीडर हू हेड नो टाइटल
260
_a
मुंबई
_b
जायको पब्लिशिंग हाउस
_c
2024
650
_a
व्यक्तित्व विकास
_9
65212
942
_c
HIN
999
_c
67787
_d
67787